<?xml version="1.0" encoding="UTF-8"?>
<record
    xmlns:xsi="http://www.w3.org/2001/XMLSchema-instance"
    xsi:schemaLocation="http://www.loc.gov/MARC21/slim http://www.loc.gov/standards/marcxml/schema/MARC21slim.xsd"
    xmlns="http://www.loc.gov/MARC21/slim">

  <leader>01116nam a22002537a 4500</leader>
  <controlfield tag="001">3836</controlfield>
  <controlfield tag="003">FISKH</controlfield>
  <controlfield tag="005">20250528145304.0</controlfield>
  <controlfield tag="008">240516b        cb ||||| |||| 00| 0 eng d</controlfield>
  <datafield tag="040" ind1=" " ind2=" ">
    <subfield code="a">FISKH</subfield>
    <subfield code="b">khr </subfield>
    <subfield code="c">FISKH</subfield>
    <subfield code="d">FISKH</subfield>
  </datafield>
  <datafield tag="050" ind1=" " ind2=" ">
    <subfield code="a">PZ7 </subfield>
  </datafield>
  <datafield tag="082" ind1=" " ind2=" ">
    <subfield code="a">398.209596 </subfield>
  </datafield>
  <datafield tag="100" ind1=" " ind2=" ">
    <subfield code="a">Khat, Pang</subfield>
  </datafield>
  <datafield tag="245" ind1=" " ind2=" ">
    <subfield code="a">&#x179F;&#x17D2;&#x179A;&#x17B8;&#x17A0;&#x17B7;&#x178F;&#x17C4;&#x1794;&#x179A;&#x1791;&#x17C1;&#x179F; : </subfield>
    <subfield code="b">&#x1780;&#x17B6;&#x179A;&#x1782;&#x17B6;&#x1794;&#x17CB;&#x1798;&#x17B7;&#x178F;&#x17D2;&#x179A; &#x1780;&#x17B6;&#x179A;&#x1794;&#x17C6;&#x1794;&#x17C2;&#x1780;&#x1798;&#x17B7;&#x178F;&#x17D2;&#x179A; /</subfield>
    <subfield code="c">&#x1797;&#x17B7;&#x1780;&#x17D2;&#x1781;&#x17BB; &#x1794;&#x17C9;&#x17B6;&#x1784; &#x1781;&#x17B6;&#x178F;&#x17CB; &#x179C;&#x17B8;&#x179A;&#x17B7;&#x1799;&#x1794;&#x178E;&#x17D2;&#x178C;&#x17B7;&#x178F;&#x17C4; &#x1787;&#x17B6;&#x17A2;&#x17D2;&#x1793;&#x1780;&#x1794;&#x1780;&#x1794;&#x17D2;&#x179A;&#x17C2;&#x1785;&#x17C1;&#x1789;&#x1796;&#x17B8;&#x1797;&#x17B6;&#x179F;&#x17B6;&#x179F;&#x17C6;&#x179F;&#x17D2;&#x1780;&#x17D2;&#x179A;&#x17B9;&#x178F;</subfield>
  </datafield>
  <datafield tag="260" ind1=" " ind2=" ">
    <subfield code="a">&#x1797;&#x17D2;&#x1793;&#x17C6;&#x1796;&#x17C1;&#x1789; :  </subfield>
    <subfield code="b">&#x1780;&#x17D2;&#x179A;&#x179F;&#x17BD;&#x1784;&#x17A2;&#x1794;&#x17CB;&#x179A;&#x17C6; &#x1799;&#x17BB;&#x179C;&#x1787;&#x1793; &#x1793;&#x17B7;&#x1784;&#x1780;&#x17B8;&#x17A1;&#x17B6;,</subfield>
    <subfield code="c">1954.</subfield>
  </datafield>
  <datafield tag="300" ind1=" " ind2=" ">
    <subfield code="a">138 pages : </subfield>
    <subfield code="c">20 cm</subfield>
  </datafield>
  <datafield tag="490" ind1=" " ind2=" ">
    <subfield code="v">&#x1797;&#x17B6;&#x1782; &#x17E1; &amp; 2</subfield>
  </datafield>
  <datafield tag="520" ind1=" " ind2=" ">
    <subfield code="a">&#x1787;&#x17B6;&#x1780;&#x17B6;&#x179A;&#x178A;&#x17C6;&#x178E;&#x17B6;&#x179B;&#x179A;&#x17BF;&#x1784;&#x178F;&#x1782;&#x17D2;&#x1793;&#x17B6;&#x1787;&#x17B6;&#x1794;&#x17CB;&#x178A;&#x17C4;&#x1799;&#x1798;&#x17B7;&#x1793;&#x1785;&#x17C1;&#x17C7;&#x178A;&#x17B6;&#x1785;&#x17CB; &#x17D4;
</subfield>
  </datafield>
  <datafield tag="520" ind1=" " ind2=" ">
    <subfield code="a">It is a continuous story that is inseparable.</subfield>
  </datafield>
  <datafield tag="650" ind1=" " ind2=" ">
    <subfield code="a">&#x1780;&#x17B6;&#x179A;&#x1793;&#x17B7;&#x1791;&#x17B6;&#x1793;&#x179A;&#x17BF;&#x1784; </subfield>
  </datafield>
  <datafield tag="650" ind1=" " ind2=" ">
    <subfield code="a">A Story Teller</subfield>
  </datafield>
  <datafield tag="942" ind1=" " ind2=" ">
    <subfield code="2">ddc</subfield>
    <subfield code="c">KHB</subfield>
    <subfield code="n">0</subfield>
  </datafield>
  <datafield tag="999" ind1=" " ind2=" ">
    <subfield code="c">3836</subfield>
    <subfield code="d">3836</subfield>
  </datafield>
  <datafield tag="952" ind1=" " ind2=" ">
    <subfield code="0">0</subfield>
    <subfield code="1">0</subfield>
    <subfield code="2">ddc</subfield>
    <subfield code="4">0</subfield>
    <subfield code="7">0</subfield>
    <subfield code="8">KH</subfield>
    <subfield code="a">001</subfield>
    <subfield code="b">001</subfield>
    <subfield code="c">OKHR</subfield>
    <subfield code="d">2024-05-16</subfield>
    <subfield code="l">0</subfield>
    <subfield code="o">KHA 398.209596 PZ7 </subfield>
    <subfield code="p">FISTK03534</subfield>
    <subfield code="r">2024-05-16 08:43:09</subfield>
    <subfield code="t">1</subfield>
    <subfield code="w">2024-05-16</subfield>
    <subfield code="y">KHB</subfield>
  </datafield>
  <datafield tag="952" ind1=" " ind2=" ">
    <subfield code="0">0</subfield>
    <subfield code="1">0</subfield>
    <subfield code="2">ddc</subfield>
    <subfield code="4">0</subfield>
    <subfield code="7">0</subfield>
    <subfield code="8">KH</subfield>
    <subfield code="a">002</subfield>
    <subfield code="b">002</subfield>
    <subfield code="c">TTP Khmer</subfield>
    <subfield code="d">2024-05-21</subfield>
    <subfield code="l">0</subfield>
    <subfield code="o">KHA 398.209596 PZ7 </subfield>
    <subfield code="p">FISTK03535</subfield>
    <subfield code="r">2024-05-21 14:16:48</subfield>
    <subfield code="t">2</subfield>
    <subfield code="w">2024-05-21</subfield>
    <subfield code="y">KHB</subfield>
  </datafield>
  <datafield tag="952" ind1=" " ind2=" ">
    <subfield code="0">0</subfield>
    <subfield code="1">0</subfield>
    <subfield code="2">ddc</subfield>
    <subfield code="4">0</subfield>
    <subfield code="7">0</subfield>
    <subfield code="8">KH</subfield>
    <subfield code="a">002</subfield>
    <subfield code="b">002</subfield>
    <subfield code="c">SKB</subfield>
    <subfield code="d">2025-05-20</subfield>
    <subfield code="l">0</subfield>
    <subfield code="o">KHA 398.209596 PZ7 </subfield>
    <subfield code="p">FIS04027</subfield>
    <subfield code="r">2025-05-20 16:47:02</subfield>
    <subfield code="t">3</subfield>
    <subfield code="w">2025-05-20</subfield>
    <subfield code="y">KHB</subfield>
  </datafield>
  <datafield tag="952" ind1=" " ind2=" ">
    <subfield code="0">0</subfield>
    <subfield code="1">0</subfield>
    <subfield code="2">ddc</subfield>
    <subfield code="4">0</subfield>
    <subfield code="7">0</subfield>
    <subfield code="8">KH</subfield>
    <subfield code="a">002</subfield>
    <subfield code="b">002</subfield>
    <subfield code="c">SKB</subfield>
    <subfield code="d">2025-05-20</subfield>
    <subfield code="l">0</subfield>
    <subfield code="o">KHA 398.209596 PZ7 </subfield>
    <subfield code="p">FIS03993</subfield>
    <subfield code="r">2025-05-20 16:47:30</subfield>
    <subfield code="t">4</subfield>
    <subfield code="w">2025-05-20</subfield>
    <subfield code="y">KHB</subfield>
  </datafield>
</record>
